000 00676nam a22001695i 4500
001 54831
003 ES-MaACL
005 20230906163029.0
007 t|
008 960731s1886 sp ||||1| spa d
040 _aCAM
_bspa
_cCAM
100 1 _aGalindo y Pérez, Manuel.
_953451
245 1 3 _aEl contador de fondos provinciales y municipales
_b: compendio de contabilidad por partida doble aplicada á las operaciones que ejecutan las provincias y los pueblos /
_cpor Manuel Galindo y Pérez.
260 _aMadrid :
_b[s.n.],
_c1886 (
_fEstablecimiento tipográfico de "El correo" á cargo de F. Fernández)
300 _a327, [1] p. ;
_c25 cm.
852 _aES-MaACL
_jF-4204
999 _c54831
_d54831